000
00255 a2200109 4500
001
63500
082
_a
923.55491 CHA
090
_c
37515
_d
37515
100
_a
Chadhry Safar A
245
_a
An Airman Remembers
260
_a
Lahore
_b
PAF Book Club
_c
1993
942
_a
NUST-CAE
_k
923.55491 CHA
999
_c
298573
_d
298573